000 00205 a2200097 4500
001 47219
100 _aRichmond
245 _aStatsmen and Sea Power
260 _aLondon
_bOxford
_c
090 _c30271
_d30271
942 _aNUST-CAE
_cM
_c22527
999 _c282292
_d282292